书目信息 |
| 题名: |
思想者文摘 第二辑
|
|
| 作者: | 苗振亚 主编 | |
| 分册: | ||
| 出版信息: | 合肥 安徽文艺出版社 2000.04 |
|
| 页数: | 208页 | |
| 开本: | 32开 | |
| 丛书名: | ||
| 单 册: | ||
| 中图分类: | I267.1 | |
| 科图分类: | ||
| 主题词: | 散文--中国 , 散文--作品综合集--中国 | |
| 电子资源: | ||
| ISBN: | 7-5396-1915-5 | |
| 000 | 00600nam0 2200205 45 | |
| 001 | 0011011983 | |
| 005 | 20001211165707.7 | |
| 010 | @a7-5396-1915-5@d10.00元 | |
| 100 | @a20001101d2000 km y0chiy0120 ea | |
| 101 | 0 | @achi |
| 105 | @a z 000yy | |
| 200 | 1 | @a思想者文摘 第二辑@ASi Xiang Zhe Wen Zhai Di Er Ji@f苗振亚主编@FMiao Zhen Ya Zhu Bian |
| 210 | @a合肥@c安徽文艺出版社@d2000.04 | |
| 215 | @a208页@d32开 | |
| 606 | 0 | @a散文@x中国 |
| 606 | 0 | @a散文@x作品综合集@x中国 |
| 690 | @aI267.1@v3 | |
| 701 | 0 | @a苗振亚@4主编 |
| 801 | @aCN@bPftUser@c20001101 | |
| 905 | @dI267.1@eM931:2@b306143-145@f3 | |
| 思想者文摘 第二辑/苗振亚主编.-合肥:安徽文艺出版社,2000.04 |
| 208页;32开 |
| ISBN 7-5396-1915-5:10.00元 |
| ● |
| 相关链接 |
|
|
|
正题名:思想者文摘第二辑
索取号:I267.1/M931:2
 
预约/预借
| 序号 | 登录号 | 条形码 | 馆藏地/架位号 | 状态 | 备注 |
| 1 | 306143 | 203061435 | 文学库116/116文学库 10排4列3层/ [索取号:I267.1/M931:2] | 在馆 | |
| 2 | 306144 | 203061444 | 社科二线422/422社科库 36排1列1层/ [索取号:I267.1/M931:2] | 在馆 | |
| 3 | 306145 | 203061453 | 社科二线400B/400B社科库 16排2列1层/ [索取号:I267.1/M931:2] | 在馆 |